Meclis konuşmaları (Record no. 727)

MARC details
000 -BAŞLIK
Sabit Uzunlukta Kontrol Alanı 00988na a2200301 4500
001 - KONTROL NUMARASI
Denetim Alanı 17100
003 - KONTROL NUMARASI IDENTIFIER
Denetim Alanı MIRAKIL
005 - SON İŞLEM TARİHİ VE ZAMANI
Denetim Alanı 20181213154759.0
008 - SABİT-BOY VERİ ELEMANLARI - GENEL BİLGİLER
Sabit Uzunlukta Kontrol Alanı 161022b tu 000 0
035 ## - SİSTEM KONTROL NUMARASI
Sistem Kontrol Numarası 17100
040 ## - KATALOGLAMA KAYNAK
Orijinal Kataloglama Ajansı Milas
Kataloglama Dili tur
Metne Dönüştürmek Ajansı TR-AnCHP
041 ## - DİL KODU
Metin / Ses Parça Veya Ayrı Başlığın Dil Kodu tur
082 ## - DEWEY ONLU SINIFLANDIRMA NUMARASI
Sınıflandırma Numarası CHP 351.00352
Ürün Numarası Ö99m 2005
090 ## - SINIFLAMA NUMARASI
Sınıflama Numarası CHP 351.00352 Ö99m 2005
100 ## - ANA GİRİŞ - KİŞİSEL İSİM
Kişisel Ad Özyürek, Mustafa
245 ## - BAŞLIK TABLOSU
Başlık Meclis konuşmaları
Başlığın Kalan Genel kurul - plan ve bütçe komisyonu konuşmaları
Sorumluluk Tablosu, Vb Mustafa Özyürek
246 ## - UNVAN FORM VARYING
Başlık Doğru / Kısa Başlığı Genel kurul - plan ve bütçe komisyonu konuşmaları
260 ## - YAYIN, DAĞITIM, VB
Yayın, Dağıtım, Vb Yeri Ankara
Yayıncı, Dağıtıcı, Vs Adı CHP
Yayın, Dağıtım, Vb Tarihi 2005
300 ## - FİZİKSEL TANIM
Kapsam 167 s.
Boyutlar 20 sm.
490 ## - SERİSİ TABLOSU
Seri Beyanı Cumhuriyet Halk Partisi yayınları
600 ## - KONU KATMA GİRİŞ - KURUMSAL ADI
Kişisel Ad Özyürek, Mustafa
Başlıklar Ve Bir Adla İlişkili Diğer Kelimeler CHP Mersin Milletvekili
Bir Adıyla İlişkilendirilen Tarihler 1939 -
Genel Alt Bölümü Meclis konuşmaları
610 ## - KONU KATMA GİRİŞ - TOPLANTI ADI
Giriş Elemanı Olarak Kurumsal Ad Veya Yargı Alanı Adı CHP
Genel Alt Bölüm Meclis konuşmaları
650 ## - KONU KATMA GİRİŞ - TOPİKAL DÖNEM
Topikal Süreli Veya Coğrafi Ad Giriş Elemanı Plan ve Bütçe Komisyonu
Genel Alt Bölümü Meclis konuşmaları
700 ## - KATMA GİRİŞ - KİŞİSEL İSİM
Kişisel Ad
830 ## - SERİSİ EKLENDİ GİRİŞ - ÜNİFORM ADI
Üniforma Başlık CHP yayınları
942 ## - EKLENDİ GİRİŞ ELEMANLARI (KOHA)
Sınıflandırma Veya Raf Düzeni Kaynak Dewey Decimal Classification
Koha Öğesi Türü Books
999 ## - SİSTEM KONTROL NUMARALARI (KOHA)
Koha Biblionumber 727
Koha Biblioitemnumber 727
657 ## - INDEX SÜRE - İŞLEVİ
-- Milletvekili meclis konuşmaları
Holdings
Kalıcı Konum Mevcut Konum Edinme Tarihi Edinim Kaynak Toplam Check-Out'Lar Tam Çağrı Numarası Barkod Tarih Son Görülme İtibaren Geçerli Fiyatlar Koha Öğesi Türü Kopya Sayısı
CHP Kütüphanesi CHP Kütüphanesi 10/22/2016 Bağış   CHP 351.00352 Ö99m 2005 007541 10/22/2016 10/22/2016 Books  
CHP Kütüphanesi CHP Kütüphanesi 11/07/2016 Bağış   CHP 351.00352 Ö99m 2005 009169 11/07/2016 11/07/2016 Books k.2
CHP Kütüphanesi CHP Kütüphanesi 11/07/2016 Bağış   CHP 351.00352 Ö99m 2005 009170 11/07/2016 11/07/2016 Books k.3
CHP Kütüphanesi CHP Kütüphanesi 11/07/2016 Bağış   CHP 351.00352 Ö99m 2005 009171 11/07/2016 11/07/2016 Books k.4